Normal view
MARC view
- القراءة-دراسة وتعليم. الكتابة-دراسة وتعليم
Entry Topical Term
001 - CONTROL NUMBER
- control field: 37575
003 - CONTROL NUMBER IDENTIFIER
- control field: JO-AjAnu
005 - DATE AND TIME OF LATEST TRANSACTION
- control field: 20230606080250.0
008 - FIXED-LENGTH DATA ELEMENTS
- fixed length control field: 230606|| aca||aabn | a|a d
040 ## - CATALOGING SOURCE
- Original cataloging agency: JO-AjAnu
- Transcribing agency: JO-AjAnu
150 ## - HEADING--TOPICAL TERM
- Topical term or geographic name entry element: القراءة-دراسة وتعليم. الكتابة-دراسة وتعليم
670 ## - SOURCE DATA FOUND
- Source citation: Work cat.: (JO-AjAnu)19279: عطية، عطية محمد مؤلف/الحشكي،يوسف محمد م.مشارك/أحمد،رضا محمد م.مشارك/أبو مغلي،أنور م.مشارك/النبالي،عبد اللطيف مطيع م.مشارك, author 37574, طرق تعليم الأطفال القراءة والكتابة